Elements of ethology : (Record no. 15594)
[ view plain ]
| 000 -LEADER | |
|---|---|
| fixed length control field | 00540pam a2200181 a 4500 |
| 020 ## - INTERNATIONAL STANDARD BOOK NUMBER | |
| ISBN | 0412231700 (pbk.) |
| 020 ## - INTERNATIONAL STANDARD BOOK NUMBER | |
| ISBN | 0412231603 (hard) |
| 040 ## - CATALOGING SOURCE | |
| Transcribing agency | DLC |
| 082 00 - DEWEY DECIMAL CLASSIFICATION NUMBER | |
| Classification number | 636 CHA 1983 A056 Or. |
| 100 2# - MAIN ENTRY--AUTHOR NAME | |
| Personal name | Wood-Gush, D. G. M. |
| 245 10 - TITLE STATEMENT | |
| Title | Elements of ethology : |
| Remainder of title | a textbook for agricultural and veterinary students / |
| 260 ## - PUBLICATION, DISTRIBUTION, ETC. (IMPRINT) | |
| Place of publication | London ; |
| -- | New York : |
| Name of publisher | Chapman and Hall, |
| Year of publication | 1983. |
| 300 ## - PHYSICAL DESCRIPTION | |
| Number of Pages | viii, 240 p. : |
| Other physical details | ill. ; |
| Dimensions | 22 cm. |
| 500 ## - GENERAL NOTE | |
| General note | Includes indexes. |
| 650 #0 - SUBJECT ADDED ENTRY--TOPICAL TERM | |
| Topical Term | Domestic animals |
| 650 #0 - SUBJECT ADDED ENTRY--TOPICAL TERM | |
| Topical Term | Animal behavior. |
| 942 ## - ADDED ENTRY ELEMENTS (KOHA) | |
| Koha item type | សៀវភៅភាសាអង់គ្លេស |
| 952 ## - LOCATION AND ITEM INFORMATION (KOHA) | |
| Withdrawn status [LOCAL, KOHA] | 0 |
| Permanent Location | Date acquired | Koha item type | Lost status | Shelving location | Barcode | Current Location | Full call number |
|---|---|---|---|---|---|---|---|
| Library Block A | 2017-12-04 | សៀវភៅភាសាអង់គ្លេស | A056 | A13688 | Library Block A | 636 CHA 1983 A056 Or. |